000 00841nam a2200241 4500
003 OSt
005 20240715071345.0
006 a
008 240715b |||||||| |||| 00| 0 eng d
020 _a9789715847582
040 _aDWCL-HMN lib.
_cOC
082 _2Philippine edition
_aCirc. 610.73 D557n 2009
100 _aDi Dona, Nancy
245 _aNCLEX review: strategies and skills /
250 _aPhilippine edition
260 _aBoston :
_bJones and Bartlett Pub.,
_cc2009.
300 _avii,
_b296 p. : ill. ;
_c23 cm.
504 _aIncludes bibliographical references.
650 _a1. Nursing-Examination, questions, etc.
650 _a2. National Council for Licensure Examination for Registered Nurses-Study guides.
650 _a3. Nursing-Examination questions.
942 _2ddc
_n0
_cBK-CIRC
_ePhilippine edition
_kCirc.
999 _c2199
_d2199